Využitie Competitive intelligence pri analýze konkurencieschopnosti podniku diplomová práca

Saved in:
Bibliographic Details
Main Author: Koniariková, Simona
Corporate Author: Fakulta podnikového manažmentu EU. Katedra informačného manažmentu
Other Authors: Bolek, Vladimír, 1988-
Format: Book
Language:Slovak
Published: Bratislava 2022
Tags: Add Tag
No Tags, Be the first to tag this record!

MARC

LEADER 00000nbm a2200000 4500
001 0285486
005 20230331114427.1
041 0 |a slo 
044 |a SK 
245 1 0 |a Využitie Competitive intelligence pri analýze konkurencieschopnosti podniku  |b diplomová práca  |c Simona Koniariková ; školiteľ: Vladimír Bolek 
264 1 |a Bratislava  |c 2022 
300 |a 58 s. 
100 1 |a Koniariková, Simona 
700 1 |a Bolek, Vladimír, 1988- 
710 2 |a Fakulta podnikového manažmentu EU. Katedra informačného manažmentu